000 00225 a2200097 4500
001 15065
100 _aDurrel Gerald
245 _aThree singles to adventure
260 _aLondon
_bRupert hart davis
_c
090 _c11820
_d11820
942 _aNUST-CAE
_cM
_c2026
999 _c250138
_d250138